British Army Ranks - Statistics

General Stats
  • This quiz has been taken 93 times
  • The average score is 10 of 19
Answer Stats
Answer % Correct
private
91%
corporal
83%
sergeant
80%
lance corporal
76%
major
72%
general
69%
captain
64%
lieutenant
61%
brigadier
49%
colonel
49%
staff sergeant
49%
major general
48%
sergeant major
41%
field marshal
40%
lieutenant general
39%
lieutenant colonel
37%
second lieutenant
32%
warrant officer class 1
23%
warrant officer class 2
23%
No matching quizzes found
Score Distribution
Percent of People with Each Score
Percentile by Number Answered
Your Score History
You have not taken this quiz